00501nam a2200193Ia 4500003000900000008004100009040001300050040001300063041000800076100001700084245008900101250001100190260002400201260000900225300001100234300001000245490004600255490000600301IT-RoPAU120407s9999 xx 000 0 und d aIT-RoPAU cIT-RoPAU aita aAndrea Gemma aPrimavera dell’anima. Piccolo quaresimale: cinque minuti ogni giorno a Dio per te. aNapoli aDomenicana Italiana c1986 a112 p. c23 cm aTemi di predicazionedei Padri Domenic.272 v1